000 00683nam a2200193Ia 4500
008 151121s9999||||xx |||||||||||||| ||und||
082 _a813/धुरी
082 _bHNW-63374
100 _aधुरी विरेंन्द्र ह।
245 _aचितेवरची फुले
260 _b"डिंपल पब्लिकेशन्स् , ठाणे।"
260 _c--
300 _a124
600 _aधुरी विरेंन्द्र ह।
630 _aचितेवरची फुले
700 _aधुरी विरेंन्द्र ह।
730 _aचितेवरची फुले
942 _cBOOK
999 _c1244907
_d1244904